Australian Slang Words - Statistics

General Stats
  • This quiz has been taken 48 times
    42 since last reset
  • The average score is 12 of 17
Answer Stats
Hint Answer % Correct
Good Day G'day
91%
Barbecue Barbie
88%
Australian Aussie
85%
Avocado Avo
82%
Afternoon Arvo
79%
Football Footy
79%
McDonalds Maccas
79%
Friend Mate
79%
Breakfast Brekkie
76%
Biscuit Bikkie
73%
Mosquito Mozzie
73%
Man/Guy Bloke
70%
Service Station Servo
67%
Chicken Chook
61%
Brisbane Brizzie
55%
Ice Cooler Esky
52%
No Problem No Worries
42%
No matching quizzes found
Score Distribution
Percent of People with Each Score
Percentile by Number Answered
Your Score History
You have not taken this quiz since the last reset